000 00222nam a22001217a 4500
040 _cSK
082 _a658
100 _aNA
245 _aProject management
260 _aNA
_bសុក
_cNA
300 _a263p.
942 _cEK
999 _c9954
_d9954